00546nam a2200145Ia 4500003000900000008004100009020002600050040001600076100002600092245009400118260003200212300002000244490003300264856010300297IN-BaIIA211028s9999 xx s 000 0 eng d a9781628415636 (Print) cIIA Library aDreischuh, Tanja, ed. 0a18th International School on Quantum Electronics: Laser Physics and Applicationsh[eBook] aWashington, USAbSPIEc2015 aOnline resource aProceedings of SPIE; V. 9447 uhttps://www.spiedigitallibrary.org/conference-proceedings-of-spie/9447yClick Here to Access eBook